000 00320cam a22001217a 4500
008 180718b1962 xxu||||| |||| 00| 0 eng d
082 _aN11 H363
100 _aHeilbrunn, Otto
245 _aPartisan warfare
_cby Otto Heilbrunn
260 _aLondon
_bAllen and Unwin
_c1962
300 _a199p.
650 _aGuerrilla Warfare
999 _c368070
_d368070